000 00598nam a2200265Ia 4500
005 20260306164206.0
008 008 260114s9999 xx 000 0 eng d
020 _a9780823252770
037 _aEBOOK
040 _aCRL
040 _beng
040 _cCRL
041 _2eng
041 _aeng
084 _qCRL
100 _aRyder
245 4 _aThe Things In Heaven And Earth
260 _bFordham University Press
260 _c2014
650 _aPhilosophy
856 _uhttps://academic.oup.com/book/16847
942 _cEBOOK
999 _c1713115
_d1713115